Chaurasia's Human Anatomy: Upper Limb & Thorax (Record no. 20903)

MARC details
000 -LEADER
fixed length control field 00386nam a22001577a 4500
003 - CONTROL NUMBER IDENTIFIER
control field SGT
020 ## - INTERNATIONAL STANDARD BOOK NUMBER
International Standard Book Number 9789388902731
082 ## - DEWEY DECIMAL CLASSIFICATION NUMBER
Classification number 611
Item number H19C
100 ## - MAIN ENTRY--PERSONAL NAME
Personal name Chaurasia,B.D.
245 ## - TITLE STATEMENT
Title Chaurasia's Human Anatomy: Upper Limb & Thorax
250 ## - EDITION STATEMENT
Edition statement 8TH
260 ## - PUBLICATION, DISTRIBUTION, ETC. (IMPRINT)
Place of publication, distribution, etc NEW DELHI
Name of publisher, distributor, etc CBS Publishers & Distributors
Year of Publication 2019
300 ## - PAGE DESCRIPTION
No. of Pages 1-354
650 ## - SUBJECT ADDED ENTRY--TOPICAL TERM
Topical term or geographic name as entry element Human Anatomy
942 ## - ADDED ENTRY ELEMENTS (KOHA)
Source of classification or shelving scheme Dewey Decimal Classification
Koha item type Books
942 ## - ADDED ENTRY ELEMENTS (KOHA)
-- 5
Holdings
Withdrawn status Lost status Source of classification or shelving scheme Damaged status Not for loan Home library Current library Shelving location Date acquired Vendor Name Cost, normal purchase price Volume Information (Serial or Books or Non-Book Material) SGTU Bill Number Total Checkouts Full call number Accession No. (Barcode) Date last seen Date last borrowed Bill Date Koha item type
    Dewey Decimal Classification     SGT Dental Library SGT Dental Library Text Book 05/03/2021 AHUJA BOOK COMPANY 625.00 1 SGTU 12616 1 611 H19C FD8276 17/04/2024 17/04/2024 27/01/2021 Books
    Dewey Decimal Classification     SGT Dental Library SGT Dental Library Text Book 05/03/2021 AHUJA BOOK COMPANY 625.00 1 SGTU 12616 4 611 H19C FD8277 04/10/2023 20/09/2023 27/01/2021 Books
    Dewey Decimal Classification     SGT Dental Library SGT Dental Library Text Book 05/03/2021 AHUJA BOOK COMPANY 625.00 1 SGTU 12616   611 H19C FD8278 05/03/2021   27/01/2021 Books